[Event "DEM U10 2024"]
[Site "Willingen GER"]
[Date "2024.05.20"]
[Round "3"]
[White "Grimm, Jakob"]
[Black "Jung, Michael"]
[Result "1-0"]
[Termination "normal"]
[Board "13"]
[WhiteElo "1681"]
[BlackElo "1363"]
[WhiteClock "00:27:48"]
[BlackClock "01:02:19"]
[PlyCount "53"]
[WhiteFideId "34635645"]
[BlackFideId "34673873"]
[EventCountry "GER"]
[EventRounds "11"]
[EventType "swiss"]
[EventDate "2024.05.18"]

1. e4 {[%clk 01:15:59]} c5 {[%clk 01:15:47]} {[%emt 00:00:13]} 2. Nf3 {[%clk
01:16:29]} d6 {[%clk 01:16:10]} {[%emt 00:00:07]} 3. d4 {[%clk 01:16:57]}
{[%emt 00:00:02]} cxd4 {[%clk 01:16:35]} {[%emt 00:00:04]} 4. Nxd4 {[%clk
01:17:24]} {[%emt 00:00:03]} Nf6 {[%clk 01:16:56]} {[%emt 00:00:09]} 5. Nc3
{[%clk 01:17:47]} {[%emt 00:00:08]} g6 {[%clk 01:17:21]} {[%emt 00:00:05]} 6.
Be3 {[%clk 01:18:13]} {[%emt 00:00:04]} Bg7 {[%clk 01:17:45]} {[%emt 00:00:05]}
7. f3 {[%clk 01:18:39]} {[%emt 00:00:04]} h5 {[%clk 01:18:03]} {[%emt
00:00:12]} 8. Qd2 {[%clk 01:18:50]} {[%emt 00:00:20]} Nc6 {[%clk 01:18:19]}
{[%emt 00:00:14]} 9. Be2 {[%clk 01:19:04]} {[%emt 00:00:16]} d5 {[%clk
01:17:43]} {[%emt 00:01:05]} 10. O-O-O {[%clk 01:17:28]} {[%emt 00:02:07]} dxe4
{[%clk 01:17:16]} {[%emt 00:00:57]} 11. Nxe4 {[%clk 01:15:35]} {[%emt
00:02:23]} Nxe4 {[%clk 01:16:38]} {[%emt 00:01:07]} 12. Nxc6 {[%clk 01:12:56]}
{[%emt 00:03:09]} Qxd2+ {[%clk 01:15:04]} {[%emt 00:02:05]} 13. Bxd2 {[%clk
01:08:18]} {[%emt 00:05:07]} Nf2 {[%clk 01:15:12]} {[%emt 00:00:22]} 14. Nxe7
{[%clk 00:57:08]} {[%emt 00:11:40]} Kxe7 {[%clk 01:09:15]} {[%emt 00:06:27]}
15. Bb4+ {[%clk 00:57:11]} {[%emt 00:00:27]} Ke6 {[%clk 01:06:26]} {[%emt
00:03:19]} 16. Bc4+ {[%clk 00:47:32]} {[%emt 00:10:10]} Kf5 {[%clk 01:06:19]}
{[%emt 00:00:35]} 17. Rd5+ {[%clk 00:47:09]} {[%emt 00:00:54]} Be5 {[%clk
01:05:27]} {[%emt 00:01:21]} 18. Re1 {[%clk 00:43:45]} {[%emt 00:03:53]} f6
{[%clk 01:01:33]} {[%emt 00:04:25]} 19. Rf1 {[%clk 00:36:59]} {[%emt 00:07:16]}
Be6 {[%clk 01:01:05]} {[%emt 00:00:58]} 20. Rc5 {[%clk 00:36:15]} {[%emt
00:01:14]} Bxc4 {[%clk 01:01:13]} {[%emt 00:00:22]} 21. Rxc4 {[%clk 00:36:21]}
{[%emt 00:00:25]} Bf4+ {[%clk 01:01:31]} {[%emt 00:00:12]} 22. Bd2 {[%clk
00:35:49]} {[%emt 00:01:02]} Bxd2+ {[%clk 01:01:42]} {[%emt 00:00:19]} 23. Kxd2
{[%clk 00:36:13]} {[%emt 00:00:05]} Rad8+ {[%clk 01:01:43]} {[%emt 00:00:28]}
24. Kc1 {[%clk 00:28:23]} {[%emt 00:08:21]} Rhe8 {[%clk 01:01:44]} {[%emt
00:00:28]} 25. Rc5+ {[%clk 00:27:15]} {[%emt 00:01:39]} Kf4 {[%clk 01:01:57]}
{[%emt 00:00:17]} 26. Rc4+ {[%clk 00:27:40]} {[%emt 00:00:06]} Ke3 {[%clk
01:02:19]} {[%emt 00:00:07]} 27. Re1# {[%clk 00:27:48]} {[%emt 00:00:22]} 1-0

[Event "DEM U10 2024"]
[Site "Willingen GER"]
[Date "2024.05.20"]
[Round "3"]
[White "Schonlau, Leopold"]
[Black "Braren, Ove Neelis"]
[Result "0-1"]
[Termination "normal"]
[Board "14"]
[WhiteElo "1359"]
[BlackElo "1672"]
[WhiteClock "00:53:09"]
[BlackClock "00:16:23"]
[PlyCount "54"]
[WhiteFideId "34662545"]
[BlackFideId "34663770"]
[EventCountry "GER"]
[EventRounds "11"]
[EventType "swiss"]
[EventDate "2024.05.18"]

1. e4 {[%clk 01:15:56]} {[%emt 00:00:04]} e5 {[%clk 01:15:56]} {[%emt
00:00:05]} 2. Nf3 {[%clk 01:16:22]} {[%emt 00:00:03]} Nc6 {[%clk 01:16:22]}
{[%emt 00:00:05]} 3. Bc4 {[%clk 01:16:47]} {[%emt 00:00:05]} Nf6 {[%clk
01:16:46]} {[%emt 00:00:05]} 4. Ng5 {[%clk 01:17:07]} {[%emt 00:00:10]} d5
{[%clk 01:17:10]} {[%emt 00:00:07]} 5. exd5 {[%clk 01:17:30]} {[%emt 00:00:07]}
Na5 {[%clk 01:17:27]} {[%emt 00:00:13]} 6. d3 {[%clk 01:16:42]} {[%emt
00:01:18]} Nxc4 {[%clk 01:07:23]} {[%emt 00:10:34]} 7. dxc4 {[%clk 01:16:57]}
{[%emt 00:00:14]} h6 {[%clk 01:05:32]} {[%emt 00:02:21]} 8. Nf3 {[%clk
01:17:06]} {[%emt 00:00:22]} Bg4 {[%clk 01:04:50]} {[%emt 00:01:12]} 9. h3
{[%clk 01:16:02]} {[%emt 00:01:34]} Bh5 {[%clk 00:55:59]} {[%emt 00:09:21]} 10.
g4 {[%clk 01:15:21]} {[%emt 00:01:11]} Bg6 {[%clk 00:53:28]} {[%emt 00:03:00]}
11. Nc3 {[%clk 01:13:45]} {[%emt 00:02:07]} h5 {[%clk 00:43:41]} {[%emt
00:10:17]} 12. Rg1 {[%clk 01:04:49]} {[%emt 00:09:25]} hxg4 {[%clk 00:35:12]}
{[%emt 00:08:59]} 13. hxg4 {[%clk 01:04:42]} {[%emt 00:00:37]} Bc5 {[%clk
00:30:59]} {[%emt 00:04:43]} 14. Bg5 {[%clk 01:02:04]} {[%emt 00:03:08]} e4
{[%clk 00:28:27]} {[%emt 00:03:02]} 15. Nd4 {[%clk 01:01:02]} {[%emt 00:01:33]}
Qd6 {[%clk 00:27:23]} {[%emt 00:01:33]} 16. Ncb5 {[%clk 00:58:44]} {[%emt
00:02:48]} Qe5 {[%clk 00:26:14]} {[%emt 00:01:39]} 17. Bxf6 {[%clk 00:58:04]}
{[%emt 00:01:10]} gxf6 {[%clk 00:26:05]} {[%emt 00:00:39]} 18. Qd2 {[%clk
00:55:53]} {[%emt 00:02:41]} a6 {[%clk 00:25:38]} {[%emt 00:00:58]} 19. f4
{[%clk 00:54:14]} {[%emt 00:02:08]} Qe7 {[%clk 00:24:15]} {[%emt 00:01:52]} 20.
Nc3 {[%clk 00:53:55]} {[%emt 00:00:50]} e3 {[%clk 00:18:25]} {[%emt 00:06:20]}
21. Qd1 {[%clk 00:53:54]} {[%emt 00:00:31]} e2 {[%clk 00:18:30]} {[%emt
00:00:24]} 22. Ncxe2 {[%clk 00:53:13]} {[%emt 00:01:11]} Bxd4 {[%clk 00:18:33]}
{[%emt 00:00:29]} 23. Qxd4 {[%clk 00:53:24]} {[%emt 00:00:19]} Rh2 {[%clk
00:17:48]} {[%emt 00:01:14]} 24. Qd2 {[%clk 00:53:30]} {[%emt 00:00:23]} O-O-O
{[%clk 00:16:38]} {[%emt 00:01:42]} 25. f5 {[%clk 00:53:27]} {[%emt 00:00:33]}
Re8 {[%clk 00:16:24]} {[%emt 00:00:43]} 26. fxg6 {[%clk 00:52:44]} {[%emt
00:01:13]} Rxe2+ {[%clk 00:16:23]} {[%emt 00:00:31]} 27. Qxe2 {[%clk 00:53:09]}
{[%emt 00:00:05]} Qxe2# {[%emt 00:00:13]} 0-1

[Event "DEM U10 2024"]
[Site "Willingen GER"]
[Date "2024.05.20"]
[Round "3"]
[White "Cremann, Jannis"]
[Black "Bentele, Otto"]
[Result "1-0"]
[Termination "normal"]
[Board "15"]
[WhiteElo "1633"]
[BlackElo "1538"]
[WhiteClock "01:13:58"]
[BlackClock "01:00:40"]
[PlyCount "108"]
[WhiteFideId "34660178"]
[BlackFideId "34653643"]
[EventCountry "GER"]
[EventRounds "11"]
[EventType "swiss"]
[EventDate "2024.05.18"]

1. e4 {[%clk 01:15:57]} {[%emt 00:00:02]} e5 {[%clk 01:15:57]} {[%emt
00:00:05]} 2. Nf3 {[%clk 01:16:16]} {[%emt 00:00:10]} Nc6 {[%clk 01:16:17]}
{[%emt 00:00:11]} 3. d4 {[%clk 01:16:30]} {[%emt 00:00:13]} exd4 {[%clk
01:16:27]} {[%emt 00:00:22]} 4. Nxd4 {[%clk 01:16:50]} {[%emt 00:00:09]} Qh4
{[%clk 01:16:35]} {[%emt 00:00:22]} 5. Nc3 {[%clk 01:17:09]} {[%emt 00:00:12]}
Bb4 {[%clk 01:16:49]} {[%emt 00:00:16]} 6. Qd3 {[%clk 01:17:06]} {[%emt
00:00:33]} Nf6 {[%clk 01:16:06]} {[%emt 00:01:12]} 7. Nxc6 {[%clk 01:15:59]}
{[%emt 00:01:37]} dxc6 {[%clk 01:16:07]} {[%emt 00:00:30]} 8. e5 {[%clk
01:15:57]} {[%emt 00:00:32]} Ne4 {[%clk 01:15:41]} {[%emt 00:00:56]} 9. g3
{[%clk 01:15:39]} {[%emt 00:00:47]} Qg4 {[%clk 01:14:48]} {[%emt 00:01:23]} 10.
f3 {[%clk 01:15:27]} {[%emt 00:00:42]} Qe6 {[%clk 01:11:23]} {[%emt 00:03:55]}
11. Qxe4 {[%clk 01:15:19]} {[%emt 00:00:39]} Bxc3+ {[%clk 01:11:05]} {[%emt
00:00:48]} 12. bxc3 {[%clk 01:14:55]} {[%emt 00:00:53]} O-O {[%clk 01:08:33]}
{[%emt 00:03:03]} 13. Bc4 {[%clk 01:15:05]} {[%emt 00:00:20]} Qe7 {[%clk
01:08:17]} {[%emt 00:00:46]} 14. O-O {[%clk 01:15:16]} {[%emt 00:00:19]} Be6
{[%clk 01:06:34]} {[%emt 00:02:13]} 15. Bxe6 {[%clk 01:15:21]} {[%emt
00:00:26]} Qxe6 {[%clk 01:06:10]} {[%emt 00:00:53]} 16. Re1 {[%clk 01:15:18]}
{[%emt 00:00:29]} Rfd8 {[%clk 01:04:40]} {[%emt 00:02:03]} 17. Bb2 {[%clk
01:14:23]} {[%emt 00:01:26]} Rd5 {[%clk 01:02:19]} {[%emt 00:02:51]} 18. Rad1
{[%clk 01:14:03]} {[%emt 00:00:50]} Rad8 {[%clk 01:02:26]} {[%emt 00:00:21]}
19. Rxd5 {[%clk 01:14:20]} {[%emt 00:00:15]} Rxd5 {[%clk 01:02:28]} {[%emt
00:00:28]} 20. f4 {[%clk 01:13:46]} {[%emt 00:01:04]} Qe7 {[%clk 01:02:35]}
{[%emt 00:00:23]} 21. Qb4 {[%clk 01:12:41]} {[%emt 00:01:34]} Qxb4 {[%clk
01:02:34]} {[%emt 00:00:32]} 22. cxb4 {[%clk 01:12:06]} {[%emt 00:01:06]} h6
{[%clk 01:02:47]} {[%emt 00:00:17]} 23. Kf2 {[%clk 01:12:21]} {[%emt 00:00:15]}
Rd2+ {[%clk 01:01:52]} {[%emt 00:01:23]} 24. Re2 {[%clk 01:12:23]} {[%emt
00:00:29]} Rd5 {[%clk 01:01:37]} {[%emt 00:00:45]} 25. Ke3 {[%clk 01:12:09]}
{[%emt 00:00:44]} Kf8 {[%clk 00:59:29]} {[%emt 00:02:38]} 26. Rd2 {[%clk
01:11:53]} {[%emt 00:00:46]} Rxd2 {[%clk 00:59:41]} {[%emt 00:00:18]} 27. Kxd2
{[%clk 01:12:16]} {[%emt 00:00:07]} Ke7 {[%clk 00:59:59]} {[%emt 00:00:12]} 28.
Ke3 {[%clk 01:12:31]} {[%emt 00:00:14]} g6 {[%clk 01:00:15]} {[%emt 00:00:15]}
29. g4 {[%clk 01:12:47]} {[%emt 00:00:14]} Ke6 {[%clk 01:00:18]} {[%emt
00:00:27]} 30. Ke4 {[%clk 01:12:55]} {[%emt 00:00:21]} a6 {[%clk 01:00:10]}
{[%emt 00:00:39]} 31. f5+ {[%clk 01:13:15]} {[%emt 00:00:10]} Ke7 {[%clk
01:00:16]} {[%emt 00:00:24]} 32. h4 {[%clk 01:13:06]} {[%emt 00:00:39]} g5
{[%clk 01:00:21]} {[%emt 00:00:25]} 33. hxg5 {[%clk 01:13:19]} {[%emt
00:00:17]} hxg5 {[%clk 01:00:33]} {[%emt 00:00:18]} 34. f6+ {[%clk 01:13:39]}
{[%emt 00:00:10]} Ke6 {[%clk 00:59:45]} {[%emt 00:01:19]} 35. Bc1 {[%clk
01:13:00]} {[%emt 00:01:09]} Kd7 {[%clk 00:59:48]} {[%emt 00:00:26]} 36. Kf5
{[%clk 01:13:16]} {[%emt 00:00:14]} Ke8 {[%clk 01:00:06]} {[%emt 00:00:12]} 37.
Kxg5 {[%clk 01:13:35]} {[%emt 00:00:11]} Kf8 {[%clk 01:00:13]} {[%emt
00:00:23]} 38. Kh6 {[%clk 01:13:58]} {[%emt 00:00:07]} Kg8 {[%clk 01:00:40]}
{[%emt 00:00:03]} {es folgte nun regelwidrig g6, daher Nullzug eingefügt} 39.
g5 -- 40. g6 c5 41. bxc5 b5 42. g7 b4 43. Kg5 b3 44. cxb3 a5 45. Kf5 a4 46. b4
c6 47. e6 fxe6+ 48. Kxe6 a3 49. Bxa3 Kh7 50. Bb2 Kg8 51. f7+ Kh7 52. g8=Q+ Kh6
53. f8=Q+ Kh5 54. Qf5+ Kh6 55. Bc1# 1-0

[Event "DEM U10 2024"]
[Site "Willingen GER"]
[Date "2024.05.20"]
[Round "3"]
[White "Fabritius, Wolf"]
[Black "Al Luwaisi, Omer"]
[Result "0-1"]
[Termination "normal"]
[Board "16"]
[WhiteElo "1426"]
[BlackElo "1660"]
[WhiteClock "00:41:24"]
[BlackClock "00:08:29"]
[PlyCount "94"]
[WhiteFideId "34632603"]
[BlackFideId "34645888"]
[EventCountry "GER"]
[EventRounds "11"]
[EventType "swiss"]
[EventDate "2024.05.18"]

1. d4 {[%clk 01:15:59]} Nf6 {[%clk 01:15:56]} {[%emt 00:00:05]} 2. Nf3 {[%clk
01:16:19]} {[%emt 00:00:10]} g6 {[%clk 01:16:22]} {[%emt 00:00:04]} 3. c4
{[%clk 01:16:40]} {[%emt 00:00:09]} Bg7 {[%clk 01:16:45]} {[%emt 00:00:07]} 4.
e3 {[%clk 01:16:59]} {[%emt 00:00:11]} O-O {[%clk 01:17:07]} {[%emt 00:00:08]}
5. Be2 {[%clk 01:17:24]} {[%emt 00:00:04]} d6 {[%clk 01:17:31]} {[%emt
00:00:06]} 6. O-O {[%clk 01:17:43]} {[%emt 00:00:12]} Nbd7 {[%clk 01:17:50]}
{[%emt 00:00:11]} 7. Nc3 {[%clk 01:18:00]} {[%emt 00:00:13]} b6 {[%clk
01:16:29]} {[%emt 00:01:51]} 8. b3 {[%clk 01:18:16]} {[%emt 00:00:14]} Re8
{[%clk 01:16:03]} {[%emt 00:00:56]} 9. Bb2 {[%clk 01:18:32]} {[%emt 00:00:13]}
Bb7 {[%clk 01:16:07]} {[%emt 00:00:26]} 10. Qd2 {[%clk 01:18:18]} {[%emt
00:00:44]} e5 {[%clk 01:16:27]} {[%emt 00:00:11]} 11. dxe5 {[%clk 01:16:58]}
{[%emt 00:01:49]} Nxe5 {[%clk 01:16:42]} {[%emt 00:00:15]} 12. Nxe5 {[%clk
01:17:00]} {[%emt 00:00:29]} dxe5 {[%clk 01:16:52]} {[%emt 00:00:20]} 13. Rad1
{[%clk 01:17:14]} {[%emt 00:00:15]} Qe7 {[%clk 01:16:00]} {[%emt 00:01:22]} 14.
Qc2 {[%clk 01:16:25]} {[%emt 00:01:20]} Rad8 {[%clk 01:14:55]} {[%emt
00:01:35]} 15. Nb5 {[%clk 01:15:54]} {[%emt 00:01:01]} a6 {[%emt 00:06:42]} 16.
Ba3 {[%clk 01:14:57]} {[%emt 00:01:26]} c5 {[%clk 01:09:09]} {[%emt 00:00:05]}
17. Nc3 {[%clk 01:14:42]} {[%emt 00:00:44]} Qe6 {[%emt 00:07:26]} 18. Rd3
{[%clk 01:10:03]} {[%emt 00:05:08]} Qf5 {[%clk 00:56:03]} {[%emt 00:06:41]} 19.
f3 {[%clk 01:04:30]} {[%emt 00:06:04]} Qg5 {[%clk 00:56:00]} {[%emt 00:00:33]}
20. e4 {[%clk 01:02:33]} {[%emt 00:02:26]} Nh5 {[%emt 00:02:09]} 21. Bc1 {[%clk
01:01:26]} {[%emt 00:01:36]} Qe7 {[%clk 00:33:51]} {[%emt 00:21:01]} 22. Rfd1
{[%clk 01:01:13]} {[%emt 00:00:37]} Rd4 {[%clk 00:23:42]} {[%emt 00:10:45]} 23.
Be3 {[%clk 00:54:02]} {[%emt 00:07:41]} Rxd3 {[%clk 00:23:15]} {[%emt
00:00:57]} 24. Qxd3 {[%clk 00:53:55]} {[%emt 00:00:37]} Nf4 {[%clk 00:10:40]}
{[%emt 00:13:05]} 25. Bxf4 {[%clk 00:51:18]} {[%emt 00:03:06]} exf4 {[%clk
00:11:03]} {[%emt 00:00:07]} 26. Nd5 {[%clk 00:51:39]} {[%emt 00:00:10]} Bxd5
{[%clk 00:11:19]} {[%emt 00:00:14]} 27. Qxd5 {[%clk 00:51:52]} {[%emt
00:00:17]} Bd4+ {[%clk 00:11:39]} {[%emt 00:00:10]} 28. Kf1 {[%clk 00:50:18]}
{[%emt 00:02:05]} Rd8 {[%clk 00:11:31]} {[%emt 00:00:37]} 29. Qc6 {[%clk
00:50:18]} {[%emt 00:00:30]} Qh4 {[%clk 00:11:53]} {[%emt 00:00:08]} 30. Rxd4
{[%clk 00:49:21]} {[%emt 00:01:28]} Rxd4 {[%clk 00:11:32]} {[%emt 00:00:51]}
31. Qe8+ {[%clk 00:47:45]} {[%emt 00:02:06]} Kg7 {[%clk 00:11:54]} {[%emt
00:00:07]} 32. Qe5+ {[%clk 00:47:32]} {[%emt 00:00:43]} Qf6 {[%clk 00:10:17]}
{[%emt 00:02:07]} 33. Qxf6+ {[%clk 00:45:58]} {[%emt 00:02:04]} Kxf6 {[%clk
00:10:39]} {[%emt 00:00:07]} 34. Ke1 {[%clk 00:46:20]} {[%emt 00:00:08]} Ke5
{[%clk 00:11:04]} {[%emt 00:00:06]} 35. Bf1 {[%clk 00:45:04]} {[%emt 00:01:46]}
Rd6 {[%clk 00:11:17]} {[%emt 00:00:14]} 36. Be2 {[%clk 00:44:51]} {[%emt
00:00:47]} Kd4 {[%clk 00:11:33]} {[%emt 00:00:13]} 37. Kd2 {[%clk 00:45:06]}
{[%emt 00:00:15]} f5 {[%clk 00:11:34]} {[%emt 00:00:29]} 38. Bd3 {[%clk
00:44:40]} {[%emt 00:00:57]} Ke5 {[%clk 00:10:49]} {[%emt 00:01:14]} 39. Ke2
{[%clk 00:44:52]} {[%emt 00:00:18]} Rd7 {[%clk 00:10:37]} {[%emt 00:00:39]} 40.
Bc2 {[%clk 00:44:29]} {[%emt 00:00:56]} b5 {[%clk 00:07:21]} {[%emt 00:03:47]}
41. cxb5 {[%clk 00:41:56]} {[%emt 00:03:02]} axb5 {[%clk 00:07:40]} {[%emt
00:00:11]} 42. Bd3 {[%clk 00:41:06]} {[%emt 00:01:20]} Ra7 {[%clk 00:07:25]}
{[%emt 00:00:45]} 43. Bb1 {[%clk 00:41:16]} {[%emt 00:00:20]} c4 {[%clk
00:07:18]} {[%emt 00:00:37]} 44. bxc4 {[%clk 00:41:02]} {[%emt 00:00:44]} bxc4
{[%clk 00:07:41]} {[%emt 00:00:07]} 45. Kd2 {[%clk 00:41:13]} {[%emt 00:00:20]}
fxe4 {[%clk 00:07:46]} {[%emt 00:00:24]} 46. fxe4 {[%clk 00:41:32]} {[%emt
00:00:11]} h5 {[%clk 00:08:10]} {[%emt 00:00:07]} 47. h4 {[%clk 00:41:24]}
{[%emt 00:00:38]} Ra3 {[%clk 00:08:29]} {[%emt 00:00:10]} 0-1

[Event "DEM U10 2024"]
[Site "Willingen GER"]
[Date "2024.05.20"]
[Round "3"]
[White "Sander, Tino"]
[Black "Seegebrecht, Johann"]
[Result "1-0"]
[Termination "normal"]
[Board "17"]
[WhiteElo "1724"]
[BlackElo "1421"]
[WhiteClock "00:33:18"]
[BlackClock "01:11:07"]
[PlyCount "53"]
[WhiteFideId "34636110"]
[BlackFideId "34655115"]
[EventCountry "GER"]
[EventRounds "11"]
[EventType "swiss"]
[EventDate "2024.05.18"]

1. e4 {[%clk 01:15:58]} {[%emt 00:00:01]} g6 {[%clk 01:15:56]} {[%emt
00:00:04]} 2. d4 {[%clk 01:16:19]} {[%emt 00:00:09]} Bg7 {[%clk 01:16:21]}
{[%emt 00:00:06]} 3. c4 {[%clk 01:16:24]} {[%emt 00:00:24]} d6 {[%clk
01:16:37]} {[%emt 00:00:15]} 4. Nc3 {[%clk 01:16:28]} {[%emt 00:00:25]} Nd7
{[%clk 01:16:55]} {[%emt 00:00:13]} 5. f4 {[%clk 01:13:35]} {[%emt 00:03:23]}
e5 {[%clk 01:16:52]} {[%emt 00:00:33]} 6. fxe5 {[%clk 01:13:42]} {[%emt
00:00:23]} dxe5 {[%clk 01:17:09]} {[%emt 00:00:13]} 7. d5 {[%clk 01:14:00]}
{[%emt 00:00:11]} Nc5 {[%clk 01:16:56]} {[%emt 00:00:43]} 8. Nf3 {[%clk
01:14:06]} {[%emt 00:00:24]} Ne7 {[%clk 01:15:51]} {[%emt 00:01:22]} 9. Be3
{[%clk 01:13:28]} {[%emt 00:01:21]} Nd7 {[%clk 01:16:05]} {[%emt 00:00:16]} 10.
Be2 {[%clk 01:01:47]} {[%emt 00:12:10]} O-O {[%clk 01:14:59]} {[%emt 00:01:36]}
11. O-O {[%clk 01:00:20]} {[%emt 00:01:57]} h6 {[%clk 01:15:13]} {[%emt
00:00:17]} 12. Qd2 {[%clk 00:55:16]} {[%emt 00:05:34]} Kh7 {[%clk 01:15:05]}
{[%emt 00:00:39]} 13. c5 {[%clk 00:48:20]} {[%emt 00:07:26]} f5 {[%clk
01:13:06]} {[%emt 00:02:29]} 14. b4 {[%clk 00:43:21]} {[%emt 00:05:29]} fxe4
{[%clk 01:13:05]} {[%emt 00:00:31]} 15. Nxe4 {[%clk 00:43:41]} {[%emt
00:00:10]} Nf6 {[%clk 01:10:51]} {[%emt 00:02:43]} 16. Nxf6+ {[%clk 00:43:10]}
{[%emt 00:01:01]} Bxf6 {[%clk 01:10:33]} {[%emt 00:00:49]} 17. Bxh6 {[%clk
00:32:44]} {[%emt 00:10:55]} Rg8 {[%clk 01:10:54]} {[%emt 00:00:09]} 18. Ng5+
{[%clk 00:32:37]} {[%emt 00:00:37]} Bxg5 {[%clk 01:11:17]} {[%emt 00:00:08]}
19. Bxg5 {[%clk 00:33:00]} {[%emt 00:00:07]} Qxd5 {[%clk 01:11:36]} {[%emt
00:00:09]} 20. Qxd5 {[%clk 00:32:48]} {[%emt 00:00:44]} Nxd5 {[%clk 01:11:57]}
{[%emt 00:00:08]} 21. Rf7+ {[%clk 00:32:58]} {[%emt 00:00:20]} Kh8 {[%clk
01:12:01]} {[%emt 00:00:26]} 22. Bc4 {[%clk 00:33:00]} {[%emt 00:00:28]} Nxb4
{[%clk 01:11:55]} {[%emt 00:00:36]} 23. Bf6+ {[%clk 00:33:17]} {[%emt
00:00:13]} Rg7 {[%clk 01:11:32]} {[%emt 00:00:53]} 24. Bxg7+ {[%clk 00:33:11]}
{[%emt 00:00:34]} Kh7 {[%clk 01:11:56]} {[%emt 00:00:07]} 25. Bxe5+ {[%clk
00:33:13]} {[%emt 00:00:29]} Kh6 {[%clk 01:11:39]} {[%emt 00:00:44]} 26. Bf4+
{[%clk 00:33:34]} {[%emt 00:00:11]} Kh5 {[%clk 01:11:07]} {[%emt 00:01:02]} 27.
Be2+ {[%clk 00:33:18]} {[%emt 00:00:46]} 1-0